Church planting challenges in the Traboum District of the Central Ghana Conference of the Seventh-day Adventist Church / (Record no. 23194)

MARC details
000 -LEADER
fixed length control field 00632nam a22001697a 4500
003 - CONTROL NUMBER IDENTIFIER
control field AUA.1
005 - DATE AND TIME OF LATEST TRANSACTION
control field 20210325093712.0
008 - FIXED-LENGTH DATA ELEMENTS--GENERAL INFORMATION
fixed length control field 210325b ||||| |||| 00| 0 eng d
040 ## - CATALOGING SOURCE
Transcribing agency JTL
100 ## - MAIN ENTRY--PERSONAL NAME
Personal name Osei-Owusu, George
245 ## - TITLE STATEMENT
Title Church planting challenges in the Traboum District of the Central Ghana Conference of the Seventh-day Adventist Church /
Statement of responsibility, etc George Osei-Owusu.
260 ## - PUBLICATION, DISTRIBUTION, ETC. (IMPRINT)
Date of publication, distribution, etc 2020.
300 ## - PHYSICAL DESCRIPTION
Extent xii, 100 leaves :
Other physical details ill. ;
Dimensions 28 cm.
650 ## - SUBJECT ADDED ENTRY--TOPICAL TERM
Topical term or geographic name as entry element Church planting
650 ## - SUBJECT ADDED ENTRY--TOPICAL TERM
Topical term or geographic name as entry element Seventh-day Adventist Church
General subdivision Traboum District
-- Central Ghana Conference
-- Ghana
942 ## - ADDED ENTRY ELEMENTS (KOHA)
Source of classification or shelving scheme AUA Inhouse Classification
Koha item type Project
Classification part MA PTh
Item part .O74 2020
Holdings
Withdrawn status Lost status Source of classification or shelving scheme Damaged status Not for loan Collection code Home library Current library Shelving location Date acquired Source of acquisition Cost, normal purchase price Serial Enumeration / chronology Full call number Barcode Date last seen Cost, replacement price Price effective from Koha item type
    AUA Inhouse Classification     JTL Research Collection Judith Thomas Library Judith Thomas Library Judith Thomas Library Research Section 25/03/2021 AUA RESEARCH DEPARTMENT 25.00 AUA25673 MA PTh .O74 2020 AUA25673 25/03/2021 25.00 25/03/2021 Project